| 000 | 00597nam a22001817a 4500 | ||
|---|---|---|---|
| 999 |
_c172644 _d172644 |
||
| 005 | 20200210124055.0 | ||
| 008 | 200210b ||||| |||| 00| 0 eng d | ||
| 022 | _a0019-4670 | ||
| 040 | _adpl | ||
| 082 | _a330.954 | ||
| 245 |
_aIndian economic review _cDelhi School of Economics |
||
| 246 |
_aIndian economic review : _bjournal of Delhi School of Economics |
||
| 260 |
_aNew Delhi _bSpringer Nature India _c2019 |
||
| 300 |
_av. _c23 cm. |
||
| 310 | _aBiannual | ||
| 270 |
_a7th Floor, Vijaya Building, 17,Barakhamba Road _bNew Delhi _d110001 |
||
| 942 |
_2ddc _cSR _h330.954 |
||